[Event "Sevastopol Waltz Blitz"]
[Site "Sevastopol"]
[Date "2023.06.29"]
[Round "6"]
[White "Khroni, Nikita"]
[Black "Imenchuk, Vladimir"]
[Result "1-0"]
[WhiteElo "1636"]
[BlackElo "2080"]
[PlyCount "48"]
[EventDate "2023.06.29"]
[EventType "swiss (blitz)"]
[EventRounds "13"]
[EventCountry "UKR"]
[SourceTitle "CBM 215 Extra"]
[Source "ChessBase"]
[SourceDate "2023.09.30"]
[SourceVersion "1"]
[SourceVersionDate "2023.09.30"]
[SourceQuality "1"]

1. Nf3 d5 2. g3 e6 3. Bg2 Nf6 4. 0-0 Bd6 5. d3 0-0 6. Nbd2 c5 7. e4 dxe4 8. dxe4 Nc6 9. Re1 e5 10. Nc4 Bc7 11. Bg5 Bg4 12. h3 Qxd1 13. Raxd1 Bxf3 14. Bxf3 Nd4 15. Bg2 Nxc2 16. Rf1 Nd4 17. Bxf6 gxf6 18. h4 Rfd8 19. Ne3 Ne2+ 20. Kh1 Rxd1 21. Rxd1 Rd8 22. Nd5 Rd6 23. Re1 Rd8 24. Rd1 Rc8 1-0

[Event "Sevastopol Waltz Blitz"]
[Site "Sevastopol"]
[Date "2023.06.29"]
[Round "8"]
[White "Shulga, Jury"]
[Black "Imenchuk, Vladimir"]
[Result "0-1"]
[WhiteElo "2202"]
[BlackElo "2080"]
[PlyCount "55"]
[EventDate "2023.06.29"]
[EventType "swiss (blitz)"]
[EventRounds "13"]
[EventCountry "UKR"]
[SourceTitle "CBM 215 Extra"]
[Source "ChessBase"]
[SourceDate "2023.09.30"]
[SourceVersion "1"]
[SourceVersionDate "2023.09.30"]
[SourceQuality "1"]

1. e4 e5 2. d4 exd4 3. Qxd4 Nc6 4. Qe3 d6 5. c4 Nf6 6. Nc3 Be7 7. f3 0-0 8. Bd3 Ne5 9. Nge2 Nxd3+ 10. Qxd3 Nd7 11. Nd5 Ne5 12. Qc2 Bh4+ 13. Kd1 c6 14. Ne3 Be6 15. Bd2 b5 16. b3 bxc4 17. bxc4 Qc7 18. Nd4 Bf6 19. Nxe6 fxe6 20. Rb1 Rab8 21. Ke2 Rb7 22. Rxb7 Qxb7 23. Rb1 Qa6 24. Kf2 Rd8 25. Qb3 d5 26. exd5 exd5 27. cxd5 Nd3+ 28. Kg1 0-1

[Event "Sevastopol Waltz Rapid"]
[Site "Sevastopol"]
[Date "2023.06.27"]
[Round "5"]
[White "Chudinovskikh, Alexander M"]
[Black "Imenchuk, Vladimir"]
[Result "1-0"]
[WhiteElo "2059"]
[BlackElo "2080"]
[PlyCount "71"]
[EventDate "2023.06.26"]
[EventType "swiss (rapid)"]
[EventRounds "11"]
[EventCountry "UKR"]
[SourceTitle "CBM 215 Extra"]
[Source "ChessBase"]
[SourceDate "2023.09.30"]
[SourceVersion "1"]
[SourceVersionDate "2023.09.30"]
[SourceQuality "1"]

1. e4 e5 2. Bc4 Nf6 3. d3 d6 4. Nf3 Be7 5. 0-0 Bg4 6. h3 Bh5 7. Nbd2 0-0 8. Re1 Nc6 9. c3 a6 10. Bb3 Qd7 11. Nf1 Rfe8 12. Ng3 Bg6 13. Nh4 d5 14. Qf3 dxe4 15. dxe4 Na5 16. Bc2 Nc4 17. Nhf5 Bf8 18. Bg5 Qe6 19. Bb3 b5 20. h4 h6 21. Nxh6+ gxh6 22. Bxc4 bxc4 23. Bxf6 Rab8 24. h5 Bh7 25. Re2 Rb6 26. Bh4 Be7 27. Bxe7 Qxe7 28. Rd1 Rd8 29. Red2 Rxd2 30. Rxd2 Qg5 31. Rd7 Rf6 32. Qe3 Qg4 33. Rd8+ Kg7 34. Qc5 Rd6 35. Qxe5+ Rf6 36. Qe8 1-0

[Event "Sevastopol Waltz Blitz"]
[Site "Sevastopol"]
[Date "2021.08.28"]
[Round "13"]
[White "Brusilovskiy, Boris"]
[Black "Imenchuk, Vladimir"]
[Result "1-0"]
[WhiteElo "2067"]
[BlackElo "2080"]
[PlyCount "82"]
[EventDate "2021.08.28"]
[EventType "swiss (blitz)"]
[EventRounds "13"]
[EventCountry "UKR"]
[SourceTitle "CBM 204 Extra"]
[Source "ChessBase"]
[SourceDate "2021.11.30"]
[SourceVersion "1"]
[SourceVersionDate "2021.11.30"]
[SourceQuality "1"]

1. e4 e5 2. Nf3 Nc6 3. Nc3 Nf6 4. d4 Nxd4 5. Nxe5 Ne6 6. Bc4 d6 7. Nf3 Be7 8. 0-0 0-0 9. Re1 Bd7 10. Qe2 a6 11. Nd5 c6 12. Nxe7+ Qxe7 13. e5 dxe5 14. Nxe5 Rfe8 15. b3 Rad8 16. Bb2 Nd5 17. Qg4 Qg5 18. Qxg5 Nxg5 19. Nxd7 Ne6 20. Bxd5 cxd5 21. Ne5 Kf8 22. Rad1 f6 23. Nd3 Kf7 24. g3 h5 25. Nf4 Ng5 26. Rxe8 Rxe8 27. h4 Nf3+ 28. Kg2 Ne5 29. Rxd5 Re7 30. Bxe5 fxe5 31. Nd3 e4 32. Nc5 b6 33. Nxa6 Ra7 34. Nb4 Re7 35. c4 e3 36. fxe3 Rxe3 37. Rd2 Ke6 38. Nd5 Re1 39. Nxb6 Ke5 40. Rc2 Kf5 41. c5 Re3 1-0

[Event "Sevastopol Waltz Blitz"]
[Site "Sevastopol"]
[Date "2021.08.28"]
[Round "12"]
[White "Imenchuk, Vladimir"]
[Black "Petrov, Alexey"]
[Result "1-0"]
[WhiteElo "2080"]
[BlackElo "1860"]
[PlyCount "65"]
[EventDate "2021.08.28"]
[EventType "swiss (blitz)"]
[EventRounds "13"]
[EventCountry "UKR"]
[SourceTitle "CBM 204 Extra"]
[Source "ChessBase"]
[SourceDate "2021.11.30"]
[SourceVersion "1"]
[SourceVersionDate "2021.11.30"]
[SourceQuality "1"]

1. d4 Nf6 2. c4 g6 3. Nc3 Bg7 4. e4 d6 5. Be2 0-0 6. Be3 e5 7. d5 a5 8. Nf3 Na6 9. Nd2 b6 10. 0-0 Nc5 11. f3 Nh5 12. a3 Nf4 13. b4 axb4 14. axb4 Rxa1 15. Qxa1 Nxe2+ 16. Nxe2 Nd3 17. Qa3 Nf4 18. Nxf4 exf4 19. Bxf4 f5 20. Qd3 fxe4 21. Qxe4 Bf5 22. Qe3 Re8 23. Ne4 Qa8 24. Re1 Bd7 25. Bg3 Qa4 26. Qd2 Qb3 27. h3 Qxc4 28. Kh2 Bf5 29. Nxd6 cxd6 30. Rxe8+ Kf7 31. Qe1 Bf6 32. Bxd6 Qxd5 33. Bg3 1-0